00378 2200157 4500001002100000005001700021020001800038035002500056082000800081100001600089245003100105250002400136260004200160300000800202990001000210INLIS00000000001168220150112161331.0 a979-655-293-0 a0010-011500000004455 a813 aenid blyton akelas dua di malory towers acetakan kelima 2004 aJakartabgramedia pustaka utamac1984 a239 a19559